Country by Outlines Quiz Stats

 Plays Quiz Updated Apr 18, 2016

Score 0/24 Timer 05:00
16 Plays Today
% Correct
Italy
98.7%
Australia
95.2%
India
91.2%
Mexico
91.2%
Japan
86.2%
Iceland
78.1%
Greece
72.2%
Cuba
71.3%
Brazil
71.2%
Sweden
63.9%
Somalia
58.8%
Finland
55.8%
% Correct
Thailand
51.5%
Saudi Arabia
49%
Iran
46%
Papua New Guinea
45.4%
Peru
43.6%
Poland
42.3%
Sudan
41.7%
Morocco
35.3%
Senegal
31.6%
Jordan
28.3%
Jamaica
27%
Zambia
23.7%

You're not logged in!

Compare scores with friends on all Sporcle quizzes.
OR
Log In

Sporcle TV

Today on Sporcle TV


Watch our educational content, quiz creation guides, and fun videos on Sporcle TV.

Show Comments

Extras

Top Quizzes Today


Score Distribution

Your Account Isn't Verified!

In order to create a playlist on Sporcle, you need to verify the email address you used during registration. Go to your Sporcle Settings to finish the process.

Report this User

Report this user for behavior that violates our Community Guidelines.

Details: